| 000 | 01104aam a2200397a 44500 | ||
|---|---|---|---|
| 008 | 930106s1984 cat | ||
| 017 | _aB-38709-1984 | ||
| 020 | _a8474881099 | ||
| 041 | _acat | ||
| 080 | _a94(467.1)(038) | ||
| 100 |
_aAlmirall i Bolívar, J.I. _966264 |
||
| 245 | _aVocabulari d'història de Catalunya: Del segle IX al XVIII (1714) | ||
| 245 | _cE. Conejero i Sugrañes | ||
| 245 | _cJ. Calvet i Puig | ||
| 245 | _cJ.I Almirall i Bolívar | ||
| 260 | _aBarcelona | ||
| 260 | _bUniversitat Autònoma de Barcelona. Institut de Ciències de l'Educació | ||
| 260 | _c1984 | ||
| 300 |
_a89 p. _c23 cm |
||
| 500 | _aBibliografia: p.89 | ||
| 520 | _aaprox. 600 | ||
| 522 | _aCatalunya | ||
| 546 | _acatalà | ||
| 591 | _a350 | ||
| 592 | _aObra terminològica | ||
| 593 | _aPH | ||
| 594 | _a350 | ||
| 650 |
_ahistòria medieval _966338 |
||
| 700 |
_aCalvet i Puig, J. _966265 |
||
| 700 |
_aConejero i Sugrañes, E. _966266 |
||
| 901 | _c<1984> | ||
| 902 | _a930106 | ||
| 942 |
_cMO _n0 |
||
| 999 |
_c55199 _d55199 |
||